Akció a szegedi szegény gyermekek fölsegítésére

Elmentve itt :
Bibliográfiai részletek
Dokumentumtípus: Cikk
Megjelent: 1918-03-10
Sorozat:Délmagyarország 7 No. 58
Kulcsszavak:Lantos Béla, Sipos Iván, Gaal Endre, Szamosyné Tóth Margit, Várhelyi József, Gyuritza Sándor, Gyermeksegélyezés Szeged 1918, Élelmezésügy Szeged 1918
Online Access:http://dmarchiv.bibl.u-szeged.hu/43966
LEADER 00568nab a2200145 i 4500
001 delm43966
005 20180927131943.0
008 180927s1918 hu o 0|| hun d
040 |a SZTE Délmagyarország Archívum  |b hun 
041 |a hun 
245 0 0 |a Akció a szegedi szegény gyermekek fölsegítésére  |h [elektronikus dokumentum] 
260 |c 1918-03-10 
300 |a 4 
490 0 |a Délmagyarország  |v 7 No. 58 
695 |a Lantos Béla, Sipos Iván, Gaal Endre, Szamosyné Tóth Margit, Várhelyi József, Gyuritza Sándor, Gyermeksegélyezés Szeged 1918, Élelmezésügy Szeged 1918